هكذا تكلم زرادشت للمجتمع لا للفرد / (رقم التسجيلة. 117521)

تفاصيل مارك
000 -الفاتح
عناصر البيانات ثابتة الطول 00865cam a2200217 i 4500
005 - تاريخ ووقت آخر معاملة
حقل ضبط 20251113111512.0
008 - عناصر البيانات ثابتة الطول
عناصر البيانات ثابتة الطول 250721s2009 jo gr 000 0 ara d
041 1# - كود اللغة
كود اللغة لنص/مسار صوت أو عنوان منفصل ara
كود اللغة للأصل eng
082 14 - رقم تصنيف ديوي العشري
رقم التصنيف 193
رقم المادة ن ي ت
100 1# - مدخل رئيسي – اسم شخصي
الاسم الشخصي نيتشه، فريدريك
علاقة الشخص بالعمل/ دوره مؤلف.
245 10 - بيان العنوان
العنوان هكذا تكلم زرادشت للمجتمع لا للفرد /
بيان المسؤولية الفيلسوف الألماني فريدريك نيتشه ؛ ترجمة فليكس فارس ؛ مراجعة عيسى الحسن.
250 ## - بيان الطبعة
بيان الطبعة الطبعة الأولى.
264 31 - بيانات النشر، التوزيع…إلخ
مكان النشر، التوزيع...إلخ عمان :
اسم الناشر، الموزع...إلخ الأهلية للنشر و التوزيع،
تاريخ النشر، التوزيع...إلخ 2009.
300 ## - الوصف المادي
عدد الوحدات المكونة للوعاء 327 صفحة.
650 17 - مدخل إضافي بالموضوع - مصطلح موضوعي
مصطلح موضوعي أو اسم جغرافي كعنصر مدخل الفلاسفة.
650 17 - مدخل إضافي بالموضوع - مصطلح موضوعي
مصطلح موضوعي أو اسم جغرافي كعنصر مدخل الفلسفة الالمانية.
700 1# - مدخل إضافي - اسم شخصي
الاسم الشخصي فارس، فليكس
علاقة الشخص بالعمل/ دوره مترجم.
700 1# - مدخل إضافي - اسم شخصي
الاسم الشخصي الحسن، عيسى
علاقة الشخص بالعمل/ دوره مراجع.
942 ## - بيانات إضافية (كوها)
نوع التنصيف Dewey Decimal Classification
نوع المادة (كوها) كتب
المقتنيات
حالة السحب حالة الفقدان مصدر التصنيف حالة التلف غير قابل للإعارة المكتبة الرئيسية المكتبة الحالية موقع الرف تاريخ التزويد الرقم المتسلسل Total Checkouts رقم الإستدعاء الباركود تاريخ آخر ظهور تاريخ الفاتورة نوع المادة (كوها)
    Dewey Decimal Classification     المكتبة المركزية المكتبة المركزية الإعارة 28/07/2025 1310166   193 / ن ي ت PLD00104933 28/07/2025 28/07/2025 كتب
    Dewey Decimal Classification     مكتبة أبو علندا العامة مكتبة أبو علندا العامة الإعارة 09/08/2009 1310167   193/نيت PLD00105071 28/07/2025 09/08/2009 كتب
    Dewey Decimal Classification     مكتبة الأميرة ايمان العامة مكتبة الأميرة ايمان العامة الإعارة 09/08/2009 1310168   193/نيت PLD00105072 28/07/2025 09/08/2009 كتب
    Dewey Decimal Classification     مكتبة منتدى الرواد مكتبة منتدى الرواد الإعارة 16/08/2009 1312776   193/نيت PLD00106006 28/07/2025 16/08/2009 كتب
    Dewey Decimal Classification     مكتبة وادي السير العامة مكتبة وادي السير العامة الإعارة 09/08/2009 1310172   193/نيت PLD00105076 28/07/2025 09/08/2009 كتب
    Dewey Decimal Classification     مكتبة ومركز فرح مكتبة ومركز فرح الإعارة 09/08/2009 1310175   193/نيت PLD00105079 28/07/2025 09/08/2009 كتب
Implemented & Customized by: BBB with SCIT (Smart Chains for Information Technology)

Powered by Koha